| 000 | 00548nam a2200181Ia 4500 | ||
|---|---|---|---|
| 008 | 090630s9999 xx 000 0 und d | ||
| 082 | _b28373 | ||
| 100 | _aवाघ बी. जी. | ||
| 245 |
_aजगावं कसं. _cवाघ बी. जी. |
||
| 260 |
_bसाकेत - औरंगाबाद. _c2007 |
||
| 300 | _a120 | ||
| 600 | _aवाघ बी. जी. | ||
| 630 | _aजगावं कसं. | ||
| 655 | _aइतर. | ||
| 700 | _aवाघ बी. जी. | ||
| 730 | _aजगावं कसं. | ||
| 942 | _cBOOK | ||
| 999 |
_c280229 _d280229 |
||